Suomen naisministerit - Statistics

Yleistilastot
  • Tätä visaa on pelattu 32 kertaa
  • Keskiarvotulos 39 / 166
Vastaustilastot
Puolue Salkku Vastaus % Oikein
SDP Liikenne- ja viestintäministeri Sanna Marin
91%
SDP Pääministeri Sanna Marin
91%
Vas. Opetusministeri Li Andersson
82%
Kesk. Oikeusministeri Anneli Jäätteenmäki
73%
Kesk. Pääministeri Anneli Jäätteenmäki
73%
PS Valtiovarainministeri Riikka Purra
73%
RKP Oikeusministeri Anna-Maja Henriksson
68%
RKP Opetusministeri Anna-Maja Henriksson
68%
RKP Puolustusministeri Elisabeth Rehn
68%
SDP Apulaissosiaaliministeri Miina Sillanpää
64%
SDP Ministeri sosiaali- ja terveysministeriössä Tarja Halonen
64%
SDP Oikeusministeri Tarja Halonen
64%
SDP Ulkoasiainministeri Tarja Halonen
64%
KD Maa- ja metsätalousministeri Sari Essayah
59%
SDP Asunto- ja viestintäministeri Krista Kiuru
55%
SDP Opetusministeri Krista Kiuru
55%
SDP Opetus- ja viestintäministeri Krista Kiuru
55%
SDP Perhe- ja peruspalveluministeri Krista Kiuru
55%
Vihr. Sisäministeri Maria Ohisalo
55%
Vihr. Ympäristö- ja ilmastoministeri Maria Ohisalo
55%
KD Sisäministeri Päivi Räsänen
55%
Kesk. Perhe- ja peruspalveluministeri Annika Saarikko
50%
Kesk. Tiede- ja kulttuuriministeri Annika Saarikko
50%
Kesk. Valtiovarainministeri Annika Saarikko
50%
Kesk. Elinkeinoministeri Katri Kulmuni
50%
Kesk. Valtiovarainministeri Katri Kulmuni
50%
Kesk. Ulkomaankauppa- ja kehitysministeri Mari Kiviniemi
50%
Kesk. Hallinto-ja kuntaministeri Mari Kiviniemi
50%
Kesk. Pääministeri Mari Kiviniemi
50%
Kok. Ympäristöministeri Sanni Grahn-Laasonen
50%
Kok. Opetus- ja kulttuuriministeri Sanni Grahn-Laasonen
50%
Kok. Opetusministeri Sanni Grahn-Laasonen
50%
Kok. Sosiaaliturvaministeri Sanni Grahn-Laasonen
50%
PS Liikenne- ja viestintäministeri Lulu Ranne
45%
PS Sisäministeri Mari Rantanen
41%
Kok. Opetusministeri Riitta Uosukainen
41%
Kesk. Kulttuuriministeri Tanja Karpela
41%
Kok. Ulkoministeri Elina Valtonen
36%
SKDL Salkuton ministeri Hertta Kuusinen
36%
SKDL Ministeri valtioneuvoston kansliassa Hertta Kuusinen
36%
SDP Valtiovarainministeri Jutta Urpilainen
36%
Vas. Sosiaali- ja terveysministeri Aino-Kaisa Pekonen
32%
PS Oikeusministeri Leena Meri
32%
Vas. Liikenneministeri Merja Kyllönen
32%
SDP Eurooppaministeri Tytti Tuppurainen
32%
SDP Eurooppa- ja omistajaohjausministeri Tytti Tuppurainen
32%
PS Sosiaali- ja terveysministeri Kaisa Juuso
27%
Kok. Peruspalveluministeri Paula Risikko
27%
Kok. Sosiaali- ja terveysministeri Paula Risikko
27%
Kok. Liikenne- ja kuntaministeri Paula Risikko
27%
Kok. Sisäministeri Paula Risikko
27%
Kok. Kulttuuri- ja tiedeministeri Sari Multala
27%
Kesk. Maa- ja metsätalousministeri Sirkka-Liisa Anttila
27%
Kok. Ympäristöministeri Sirpa Pietikäinen
27%
SDP Opetusministeri Tuula Haatainen
27%
SDP Sosiaali-ja terveysministeri Tuula Haatainen
27%
SDP Työministeri Tuula Haatainen
27%
Vihr. Ympäristö- ja ilmastoministeri Emma Kari
23%
Vas. Sosiaali- ja terveysministeri Hanna Sarkkinen
23%
Kesk. Oikeusministeri Hannele Pokka
23%
Vihr. Kehitysministeri Heidi Hautala
23%
Amm. Oikeusministeri Inkeri Anttila
23%
Vihr. Ympäristö- ja ilmastoministeri Krista Mikkonen
23%
Vihr. Sisäministeri Krista Mikkonen
23%
Kesk. Ministeri maatalousministeriössä Marja Lahti
23%
SDP Sosiaali-ja terveysministeri Vappu Taipale
23%
SDP Ministeri sosiaali- ja terveysministeriössä Vappu Taipale
23%
Amm. Ministeri sosiaali- ja terveysministeriössä Alli lahtinen
18%
Amm. Sosiaali-ja terveysministeri Alli Lahtinen
18%
Kesk. Sosiaali-ja terveysministeri Eeva Kuuskoski
18%
Kok. Opetusministeri Henna Virkkunen
18%
Kok. Hallinto-ja kuntaministeri Henna Virkkunen
18%
Kok. Liikenne- ja kuntaministeri Henna Virkkunen
18%
SDP Työministeri Liisa Jaakonsaari
18%
PS/Sin. Sosiaali- ja terveysministeri Pirkko Mattila
18%
RKP Liikunta-, urheilu- ja nuorisoministeri Sandra Bergqvist
18%
SDP Kehitysministeri Sirpa Paatero
18%
SDP Kunta- ja omistajaohjausministeri Sirpa Paatero
18%
SDP Kuntaministeri Sirpa Paatero
18%
SDP Työministeri Tarja Filatov
18%
Vihr. Oikeusministeri Tuija Brax
18%
Kok. Kunta- ja alueministeri Anna-Kaisa Ikonen
14%
Kesk. Liikenne- ja viestintäministeri Anne Berner
14%
Vihr. Työministeri Anni Sinnemäki
14%
SDP Ministeri valtiovarainministeriössä Arja Alho
14%
RKP Maahanmuutto- ja eurooppaministeri Astrid Thors
14%
Kesk. Tiede- ja kulttuuriministeri Hanna Kosonen
14%
SDP Ministeri opetusministeriössä Kaarina Suonio
14%
SDP Opetusministeri Kaarina Suonio
14%
ML Opetusministeri Kerttu Saalasti
14%
Kesk. Peruspalveluministeri Liisa Hyssälä
14%
Kesk. Sosiaali-ja terveysministeri Liisa Hyssälä
14%
SDP Ministeri sosiaali- ja terveysministeriössä Pirkko Työläjärvi
14%
SDP Sosiaali-ja terveysministeri Pirkko Työläjärvi
14%
SDP Ministeri valtiovarainministeriössä Pirkko Työläjärvi
14%
SDP Kauppa- ja teollisuusministeri Pirkko Työläjärvi
14%
Vihr. Ympäristöministeri Satu Hassi
14%
SDP Sosiaali-ja terveysministeri Sinikka Mönkäre
14%
SDP Työministeri Sinikka Mönkäre
14%
SDP Kauppa-ja teollisuusministeri Sinikka Mönkäre
14%
Vas. Ministeri opetusministeriössä Suvi-Anne Siimes
14%
Vas. Ministeri valtiovarainministeriössä Suvi-Anne Siimes
14%
Kok. Ministeri ympäristöministeriössä Anneli Taina
9%
Kok. Puolustusministeri Anneli Taina
9%
Kesk. Liikenneministeri Anu Vehviläinen
9%
Kesk. Kunta- ja uudistusministeri Anu Vehviläinen
9%
Kesk. Kunta- ja liikenneministeri Anu Vehviläinen
9%
RKP Peruspalveluministeri Eva Biaudet
9%
PS Sosiaali- ja terveysministeri Hanna Mäntylä
9%
Kok. Sosiaali-ja terveysministeri Helena Pesola
9%
KP Ministeri sosiaaliministeriössä Irma Karvikko
9%
KP Sosiaaliministeri Irma Karvikko
9%
LKP Sosiaali-ja terveysministeri Irma Toivanen
9%
SDP Sisäasiainministeri Kaisa Raatikainen
9%
Kesk. Ministeri opetusministeriössä Marjatta Väänänen
9%
Kesk. Opetusministeri Marjatta Väänänen
9%
Kesk. Ministeri sosiaali- ja terveysministeriössä Marjatta Väänänen
9%
Kesk. Ulkomaankauppa- ja kehitysministeri Paula Lehtomäki
9%
Kesk. Ympäristöministeri Paula Lehtomäki
9%
SDP Opetusministeri Pirjo Ala-Kapee
9%
Kok. Opetusministeri Sari Sarkomaa
9%
Kok. Kulttuuriministeri Suvi Lindén
9%
Kok. Viestintäministeri Suvi Lindén
9%
Vas. Ministeri sosiaali- ja terveysministeriössä Terttu Huttu-Juntunen
9%
Kesk. Ministeri opetusministeriössä Tytti Isohookana-Asunmaa
9%
SDP+ amm. Ministeri sosiaaliministeriössä Tyyne Leivo-Larsson
9%
SDP Sosiaaliministeri Tyyne Leivo-Larsson
9%
amm. Ministeri valtioneuvoston kansliassa Tyyne Leivo-Larsson
9%
Kok. Ministeri valtiovarainministeriössä Ulla Puolanne
9%
TPSL Sosiaaliministeri Aino Malkamäki
5%
SKDL Sosiaaliministeri Anna-Liisa Tiekso
5%
SKDL Sosiaali-ja terveysministeri Anna-Liisa Tiekso
5%
KP Opetusministeri Armi Hosia
5%
Kesk. Ministeri sosiaali- ja terveysministeriössä Katri-Helena Eskelinen
5%
Kok. Ministeri sosiaaliministeriössä Kyllikki Pohjala
5%
Kok. Sosiaaliministeri Kyllikki Pohjala
5%
SDP Liikenne- ja viestintäministeri Leena Luhtanen
5%
SDP Oikeusministeri Leena Luhtanen
5%
SDP Ministeri valtioneuvoston kansliassa Margit Eskman
5%
SDP Ministeri valtiovarainministeriössä Margit Eskman
5%
SDP Ministeri opetusministeriössä Meeri Kalavainen
5%
Kesk. Ministeri sosiaali- ja terveysministeriössä Orvokki Kangas
5%
SDP Ministeri valtiovarainministeriössä Seija Karkinen
5%
SDP Sosiaali-ja terveysministeri Seija Karkinen
5%
SDP Sosiaali-ja terveysministeri Sinikka Luja-Penttilä
5%
SDP Ministeri sosiaali- ja terveysministeriössä Tuulikki Hämäläinen
5%
ML Ministeri sosiaaliministeriössä Vieno Simonen
5%
ML Ministeri maatalousministeriössä Vieno Simonen
5%
ML Sosiaaliministeri Vieno Simonen
5%
SDP Ministeri opetusministeriössä Anna-Liisa Kasurinen
0%
Kok. Sisäasiainministeri Anne Holmlund
0%
Kok. Kulttuuriministeri Kaarina Dromberg
0%
Kok. Sosiaali- ja terveysministeri Laura Räty
0%
Kok. Eurooppa- ja ulkomaankauppaministeri Lenita Toivakka
0%
Kok. Ulkomaankauppa- ja kehitysministeri Lenita Toivakka
0%
Kok. Sosiaali-ja terveysministeri Maija Perho
0%
SDP Opetusministeri Maija Rask
0%
SDP Peruspalveluministeri Maria Guzenina-Richardson
0%
SDP Asunto- ja viestintäministeri Pia Viitanen
0%
SDP Kulttuuri- ja asuntoministeri Pia Viitanen
0%
Kok. Ministeri ympäristöministeriössä Pirjo Rusanen
0%
SDP Liikenne- ja viestintäministeri Susanna Huovinen
0%
SDP Peruspalveluministeri Susanna Huovinen
0%
Vihr. Työministeri Tarja Cronberg
0%
Kok. Liikenneministeri Tuula Linnainmaa
0%
RKP Toinen valtiovarainministeri Ulla-Maj Wideroos
0%
Ehtoja vastaavia visoja ei löytynyt
Tulosjakauma
Jokaisen tuloksen saaneiden osuus
Persentiili vastausten määrän mukaan
Tuloshistoriasi
Et ole pelannut tätä visaa